000 00698nam a2200289Ia 4500
005 20260324121911.0
008 008 260324s9999 xx 000 0 eng d
020 _a9780203370315
037 _aEBOOK
040 _aCRL
040 _beng
040 _cCRL
041 _2eng
041 _aeng
084 _qCRL
100 _aBarbara A. Wilson; Jill Winegardner; Fiona Ashworth
_91164315
245 0 _aLife After Brain Injury
245 0 _bSurvivors' Stories
260 _bTaylor and Francis
260 _c2013
365 _a
365 _b230
856 _uhttp://www.taylorfrancis.com/books/9780203370315
942 _cEBOOK
999 _c1756703
_d1756703